Текст томруулах:    
Marketing fundamentals (Бичлэгийн дугаар. 146109)
000 -УДИРДЛАГА
Удирдлага 00788nam a22002537a 4500
003 - ХЯНАЛТЫН ТОО ТОДОРХОЙЛОГЧ
Код MN-UlNUM
005 - БИЧИЛТ ХИЙСЭН ОГНОО
Тухайн бичилтийг бичсэн засварласан сүүлийн огноо 20260107111245.0
008 - ЕРӨНХИЙ МЭДЭЭЛЭЛ
Ерөнхий мэдээлэл 260107s1999 nyuab||| |||| 001 0 eng |
020 ## - ISBN
ISBN 0750643668
040 ## - БИЧЛЭГ ҮҮСГЭГЧ БАЙГУУЛЛАГА
Бичлэг үүсгэгч номын сангийн код МУИС-ийн номын сан
084 ## - ББК АНГИЛАЛ
Нэмэлт тусгалт Бусад
ББК ангилал 65.290-2
Зохиогчийн гурван тэмдэгт M 31
Мэдлэгийн ялгаа 65 - Эдийн засаг
245 ## - ҮНДСЭН ГАРЧИГ
Номын нэр Marketing fundamentals
260 ## - ГАРАЛТЫН МЭДЭЭ
Хэвлэгдсэн газар New York:
Хэвлэлийн газар Delmar Publishers,
Хэвлэгдсэн он 1999.
300 ## - МАТЕРИАЛЫН ТОДОРХОЙЛОЛТ
хуудасны тоо 272p.:
Бусад тоон мэдээлэл ill. (some col.), col. maps;
Хэмжээ 26 cm.
500 ## - Тайлбар
Дансны дугаар БС 4827
546 ## - ХЭЛНИЙ ТУХАЙ МЭДЭЭ
Хэл Англи хэл дээр,
653 ## - Түлхүүр үг
Түлхүүр үг marketing
740 ## - НОМЫН ГАРЧИГ
Гарчиг The marketing culture
740 ## - НОМЫН ГАРЧИГ
Гарчиг Tools of marketing: marketing research-analysing and understanding buyer behavior
740 ## - НОМЫН ГАРЧИГ
Гарчиг Tools of marketing: product
740 ## - НОМЫН ГАРЧИГ
Гарчиг Tools of marketing: portfolio management and new product development
942 ## - ЭЛЕМЕНТИЙН ТӨРӨЛ
Зүйлийн төрөл Ном